|
|
|
|
| LEADER |
01510cas a2200277 a 4500 |
| 001 |
AALejournalIMF015757 |
| 008 |
230101c9999 xx r poo 0 0eng d |
| 020 |
|
|
|c 15.00 USD
|
| 020 |
|
|
|z 9781557752024
|
| 022 |
|
|
|a 0251-6365
|
| 040 |
|
|
|a BD-DhAAL
|c BD-DhAAL
|
| 100 |
1 |
|
|a Szapary, Gyorgy.
|
| 245 |
1 |
0 |
|a China :
|b Economic Reform and Macroeconomic Management /
|c Gyorgy Szapary, Steven Dunaway, David Burton, Mario Blejer.
|
| 264 |
|
1 |
|a Washington, D.C. :
|b International Monetary Fund,
|c 1991.
|
| 300 |
|
|
|a 1 online resource (43 pages)
|
| 490 |
1 |
|
|a Occasional Papers
|
| 500 |
|
|
|a <strong>Off-Campus Access:</strong> No User ID or Password Required
|
| 500 |
|
|
|a <strong>On-Campus Access:</strong> No User ID or Password Required
|
| 506 |
|
|
|a Electronic access restricted to authorized BRAC University faculty, staff and students
|
| 520 |
3 |
|
|a China encountered problems preserving economic stability while pursuing reforms aimed at increasing its economic flexibility and efficiency. This paper examines China's experience with market-oriented reforms since 1978, offering lessons for other centrally planned economies in the midst of transition to free markets.
|
| 538 |
|
|
|a Mode of access: Internet
|
| 700 |
1 |
|
|a Blejer, Mario.
|
| 700 |
1 |
|
|a Burton, David.
|
| 700 |
1 |
|
|a Dunaway, Steven.
|
| 830 |
|
0 |
|a Occasional Papers; Occasional Paper ;
|v No. 1991/007
|
| 856 |
4 |
0 |
|z Full text available on IMF
|u http://elibrary.imf.org/view/books/084/01243-9781557752024-en/01243-9781557752024-en-book.xml
|z IMF e-Library
|